00800nam a2200157 a 450000100100000000500170001000800410002702000150006811101060008324501980018926001370038730000280052470000310055270000460058304000130062900003392820200930070631.0110914s1989 es 000 0 spa d a84000692932 aColoquio Hispano-Francés de Historia Contemporánean(2 : 16-18 de juniod1986 :cAix-en-Provence)10aEspaña, Francia y la comunidad europea :bactas del Segundo Coloquio Hispano-Francés de Historia Contemporánea /cedición a cargo de Jean-Pierre Etienvre, José Ramón Urquijo Goitia. aMadrid :bCasa de Velázquez :bConsejo Superior de Investigaciones Científicas, Departamento de Historia Contemporánea,c1989. a286 p. :bil. ;c24 cm.1 aEtienvre, Jean-Pierreeed.1 aUrquijo y Goitia, José Ramón de.eed. aDO-SdBNP